00509 a2200169 450000100060000002000180000604000220002410000250004624000410007124500360011230000070014836200090015565000350016494200070019995201160020699900170032268283 a9780230026742 cAnchieta - Pituba aLobo, María José10aAround the world in eighty daysleng10aAround the world in eighty days a160 a2008 4aLiteratura juvenil em inglês cBK 00104070a91.1b91.1d2023-11-21l0oLJ 028.573 L799a LOB AROp23787/PITr2023-11-21 18:36:20w2023-11-21yBK c68283d68283